Introducción a la lingüística comparativa

Saved in:
Bibliografiske detaljer
Hovedforfatter: Szemerényi, Oswald (Author)
Format: Bog
Sprog:spansk
Udgivet: Madrid Gredos 1978
Serier:Biblioteca Románica Hispánica. Manuales, 43
Fag:
Tags: Tilføj Tag
Ingen Tags, Vær først til at tagge denne postø!

MARC

LEADER 00000nam a2200000 a 4500
001 UCQ3189
003 CL-VaPUC
008 980817e19780000SP |||||||||||||||||spa|d
082 0 4 |a 410  |b SZE  |2 21 
100 0 |a Szemerényi, Oswald  |e author  |9 417222 
245 1 0 |a Introducción a la lingüística comparativa 
300 |a 431 p 
942 |c BK 
945 |d 19980817 00:00:00  |a crobeson 
260 |a Madrid  |b Gredos  |c 1978 
650 7 |a LINGUISTICA COMPARATIVA  |2 CL-VaPUC  |9 417223 
650 7 |a TEORIA LINGUISTICA  |2 CL-VaPUC  |9 334835 
650 7 |a LINGUISTICA DESCRIPTIVA  |2 CL-VaPUC  |9 417224 
650 0 |a Fonología   |9 341074 
650 0 |a Morfología  |9 334440 
583 |a last modification  |c 19980817 00:00:00  |k Rodrigo Vera 
490 0 |a Biblioteca Románica Hispánica. Manuales, 43 
999 |c 273788  |d 273786